Statistics for Guess the Taylor Swift song with no hints #11

Click here to take the quiz!

General Stats

  • This quiz has been taken 34,032 times
  • The average score is 228 of 331

Answer Stats

ANSWER% Correct
I
99%
a
98%
you
96%
You
96%
the
94%
The
94%
me
91%
love
90%
we
90%
to
86%
and
84%
And
84%
it
84%
when
84%
on
83%
in
82%
your
82%
is
81%
My
81%
my
81%
be
80%
no
80%
No
80%
was
80%
of
78%
thin
76%
that
75%
by
74%
They
73%
like
72%
for
71%
this
71%
you're
71%
not
70%
say
70%
but
69%
But
69%
up
69%
it's
68%
It's
68%
know
68%
what
68%
cut
66%
don't
66%
I'm
66%
Our
66%
our
66%
death
65%
if
65%
thousand
65%
too
65%
Why
65%
am
64%
baby
64%
didn't
64%
One
64%
one's
64%
time
64%
bad
63%
body
63%
cuts
63%
now
63%
Now
63%
'Cause
62%
heart
62%
look
62%
part
62%
find
61%
touch
61%
get
60%
just
60%
can't
59%
said
59%
take
59%
them
59%
Trying
59%
see
58%
enough
57%
hips
57%
way
57%
goodbye
56%
here
56%
Saying
56%
with
56%
Gave
55%
home
55%
stand
55%
still
55%
alright
54%
hand
54%
I'll
54%
lights
54%
long
54%
ok
54%
over
54%
story's
54%
thing
54%
though
54%
through
54%
windows
54%
drug
53%
drunk
53%
ok
53%
songs
53%
ask
52%
Flashbacks
52%
morning
52%
comes
51%
Even
51%
land
51%
traffic
51%
united
51%
wasn't
51%
great
50%
guess
50%
only
50%
Paper
50%
paper
50%
ages
49%
country
49%
from
49%
haunted
49%
it'll
49%
lawless
49%
once
49%
ours
49%
pretend
49%
searching
49%
pages
48%
waking
48%
club
47%
much
47%
signs
47%
trust
47%
writing
47%
kill
46%
small
46%
spirit
46%
town
46%
wine
46%
boarded
45%
Chandelier's
45%
flickering
45%
share
45%
dress
42%
everywhere
42%
fears
42%
films
42%
plans
42%
stings
41%
Quiet
40%

Score Distribution

Percentile by Number Answered

Percent of People with Each Score

Your Score History

You have not taken this quiz